006320000a22001330004500090001700000245018200017246014500199041001400344700002600358100003100384942001300415773005300428999001700481 aASbSeriadas10aPrimera lista de la composición macrofaunal de la parte baja del río Toribio, departamento del Magdalena, y aproximación preliminar a su dinámica temporal de corto plazo3 aFirst macrofaunal composition list of the Toribio river (Magdalena departament) and preliminary approach to its short term temporal dynamic0 aEspañol1 aMoreno, Iovana9996681 aGarcía, Camilo B.999121 cARTICULO1 tActualidades Biológicash73q169-175d2000g22 c15423d15423